<?xml version="1.0" encoding="UTF-8"?>
<record
    xmlns:xsi="http://www.w3.org/2001/XMLSchema-instance"
    xsi:schemaLocation="http://www.loc.gov/MARC21/slim http://www.loc.gov/standards/marcxml/schema/MARC21slim.xsd"
    xmlns="http://www.loc.gov/MARC21/slim">

  <leader>02253cam a2200277 i 4500</leader>
  <controlfield tag="001">Rebiun04689321</controlfield>
  <controlfield tag="008">960209s2008    sa a          001 0 eng d</controlfield>
  <datafield tag="020" ind1=" " ind2=" ">
    <subfield code="a">9780702177743</subfield>
  </datafield>
  <datafield tag="040" ind1=" " ind2=" ">
    <subfield code="a">DLC. </subfield>
    <subfield code="c">DLC. </subfield>
    <subfield code="d">DLC. </subfield>
    <subfield code="d">BUSC</subfield>
  </datafield>
  <datafield tag="041" ind1=" " ind2=" ">
    <subfield code="a">eng</subfield>
  </datafield>
  <datafield tag="050" ind1=" " ind2=" ">
    <subfield code="a">HD30.215</subfield>
    <subfield code="b">.W44</subfield>
  </datafield>
  <datafield tag="100" ind1="1" ind2=" ">
    <subfield code="a">Wegner, Trevor</subfield>
    <subfield code="e">author</subfield>
  </datafield>
  <datafield tag="245" ind1="0" ind2="0">
    <subfield code="a">Applied business statistics </subfield>
    <subfield code="b">: methods and excel-based applications : solutions manual </subfield>
    <subfield code="c">/ Trevor Wegner</subfield>
  </datafield>
  <datafield tag="250" ind1=" " ind2=" ">
    <subfield code="a">Third edition</subfield>
  </datafield>
  <datafield tag="260" ind1=" " ind2=" ">
    <subfield code="a">Cape Town : </subfield>
    <subfield code="b">Juta, </subfield>
    <subfield code="c">2008</subfield>
  </datafield>
  <datafield tag="300" ind1=" " ind2=" ">
    <subfield code="a">219 pages : illustrations ; 25 cm.</subfield>
  </datafield>
  <datafield tag="504" ind1=" " ind2=" ">
    <subfield code="a">Includes index.</subfield>
  </datafield>
  <datafield tag="505" ind1=" " ind2=" ">
    <subfield code="a">Setting the statistical scene &#x2014; Data: types, sources &amp; collection methods &#x2014; Using Excel for statistical analysis &#x2014; Summarizing data: location measures &#x2014; Descriptive statistics: location measures &#x2014; Descriptive statistics: dispersion &amp; skewness measures &#x2014; Basic probability concepts &#x2014; Probability distributions &#x2014; Sampling &amp; sampling distributions &#x2014; Confidence interval estimation &#x2014; Hypothesis tests: single population (means &amp; proportions) &#x2014; Hypothesis tests: comparison between two populations (means &amp; proportions) &#x2014; Chi-Squared hypothesis tests &#x2014; Analysis of variance: comparing multiple population means &#x2014; Linear regression &amp; correlation analysis &#x2014; Index numbers: measuring business activity &#x2014; Time series analysis: a forecasting tool &#x2014; Financial calculations: interests, annuities &amp; NPV.</subfield>
  </datafield>
  <datafield tag="520" ind1=" " ind2=" ">
    <subfield code="a">Providing students with worked-through examples and solutions to the exercises found at the end of each chapter in the accompanying textbook, this guide enables students to develop analytical and statistical business skills. Some of the topics covered in this manual include data types, sources, and collection methods; dispersion and skewness measures in descriptive statistics; and probability distributions.</subfield>
  </datafield>
  <datafield tag="650" ind1=" " ind2="0">
    <subfield code="a">Statistics</subfield>
    <subfield code="x">Economic aspects</subfield>
    <subfield code="9">2591</subfield>
  </datafield>
  <datafield tag="650" ind1=" " ind2="0">
    <subfield code="a">Industrial management</subfield>
    <subfield code="x">Statistical methods</subfield>
    <subfield code="9">23174</subfield>
  </datafield>
  <datafield tag="650" ind1=" " ind2="0">
    <subfield code="a">Microsoft Excel (Computer file)</subfield>
    <subfield code="9">898</subfield>
  </datafield>
  <datafield tag="650" ind1=" " ind2="0">
    <subfield code="a">Decision making</subfield>
    <subfield code="x">Statistical methods</subfield>
    <subfield code="9">10045</subfield>
  </datafield>
  <datafield tag="856" ind1=" " ind2=" ">
    <subfield code="u">https://bibliotheque.tbs-education.fr/Default/doc/SYRACUSE/3392993/applied-business-statistics-methods-and-excel-based-applications-trevor-wegner</subfield>
  </datafield>
  <datafield tag="942" ind1=" " ind2=" ">
    <subfield code="2">lcc</subfield>
  </datafield>
  <datafield tag="952" ind1=" " ind2=" ">
    <subfield code="0">0</subfield>
    <subfield code="1">0</subfield>
    <subfield code="2">lcc</subfield>
    <subfield code="4">0</subfield>
    <subfield code="7">0</subfield>
    <subfield code="a">TBS</subfield>
    <subfield code="b">TBS</subfield>
    <subfield code="d">2025-09-10</subfield>
    <subfield code="l">0</subfield>
    <subfield code="r">2025-09-10</subfield>
    <subfield code="t">1</subfield>
    <subfield code="u">https://bibliotheque.tbs-education.fr/Default/doc/SYRACUSE/3392993/applied-business-statistics-methods-and-excel-based-applications-trevor-wegner</subfield>
    <subfield code="w">2025-09-10</subfield>
    <subfield code="y">EBOOK</subfield>
    <subfield code="z">ebook</subfield>
  </datafield>
  <datafield tag="999" ind1=" " ind2=" ">
    <subfield code="c">4926</subfield>
    <subfield code="d">4926</subfield>
  </datafield>
</record>
